02203nam a22004337i 4500003000900000005001700009008004100026035001000067040003600077041000800113046000900121080001100130084001100141100003200152245029600184260003100480300006700511336002700578337005400605338002800659502005800687504003800745506007800783520047200861653001301333653002501346653002901371653002901400653003601429658002801465655002301493700002901516700003301545710005401578700003001632942001301662999001701675952007701692KOSZ 00520200616113404.0180719s2012 pl a|||f m||| 00| 0 pol d a10639 cKOSZ 005aKOSZ 005dKOSZ 005/EG apol a2012 a621.91 a3700001 aŻurawski, Łukasz.eAutor10aAnaliza topografii powierzchni kształtowanych z użyciem wieloostrzowych narzędzi frezerskich z ostrzami o zróżnicowanym ukształtowaniu :brozprawa doktorska /cŁukasz Żurawski ; Politechnika Koszalińska. Wydział Mechaniczny. Zakład Monitorowania Procesów Technologicznych. aKoszalin :b[s.n.],c2012. a191 stron :bilustracje ;c30 cm +e2 recenzje ; załącznik. 2rdacontentaTekstbtxt 2rdamediaaBez urządzenia pośredniczącegobn 2rdacarrieraWoluminbnc aRozprawa doktorska. Politechnika Koszalińska. 2012. aBibliografia na stronach 173-183. aDostępne online na zasadzie licencji Creative Commons wersja BY-NC 4.0. aW pracy podjęto próbę wyjaśnienia zjawisk fizyczno-mechanicznych zachodzących na styku powierzchni obrobionej i otoczenia naroża ostrza podczas frezowania walcowo - czołowego, oraz opracowania metody do akwizycji danych pochodzących z powierzchni obrobionej po frezowaniu i zużyciu ostrzy w otoczeniu ich naroży w głowicy frezowej. Zdokumentowano i porównano zmiany powierzchni obrobionej z otrzymanymi obrazami cyfrowymi śladów zużycia.  aFrezarki aObróbka skrawaniem aNarzędzia skrawające aInżynieria powierzchni aCyfrowe przetwarzanie obrazów aInżynieria i technika 4aRozprawa doktorska1 aStorch, Borys.ePromotor1 aKacalak, Wojciech.eRecenzja2 aWydział Mechaniczny (Politechnika Koszalińska)1 aGawlik, JózefeRecenzja cDOK2UKD c10639d10639 001032 recenzje, załącznik4071aBPKbBPKcioRD 175p09040731yDOK